Alapítandó oktatási vállalkozás marketing terve

Bibliographic Details
Main Author: Pékné Beke Renáta
Other Authors: Hamburger Béla
Format: Thesis
Kulcsszavak:oktatási vállalkozás
marketing terv
Online Access:http://dolgozattar.uni-bge.hu/2860

MARC

LEADER 00000nta a2200000 i 4500
001 dolg2860
005 20160303122750.0
008 150514suuuu hu om 000 hun d
040 |a BGE Dolgozattár Repozitórium  |b hun 
041 |a hu 
100 1 |a Pékné Beke Renáta 
245 1 0 |a Alapítandó oktatási vállalkozás marketing terve  |c Pékné Beke Renáta  |h [elektronikus dokumentum] 
695 |a oktatási vállalkozás 
695 |a marketing terv 
700 1 |a Hamburger Béla  |e ths 
856 4 0 |u http://dolgozattar.uni-bge.hu/2860/1/P%C3%A9kn%C3%A9%20Beke%20Ren%C3%A1ta%20szakdolgozat.pdf  |z Dokumentum-elérés